Entrenamiento fuerza rápida
Պահպանված է:
| Համատեղ հեղինակ: | |
|---|---|
| Ձևաչափ: | Գիրք |
| Լեզու: | իսպաներեն |
| Հրապարակվել է: |
Madrid
Escuela Nacional de Entrenadores
1988
|
| Շարք: | Cuadernos de Atletismo, 23
|
| Խորագրեր: | |
| Ցուցիչներ: |
Ավելացրեք ցուցիչ
Չկան պիտակներ, Եղեք առաջինը, ով նշում է այս գրառումը!
|
MARC
| LEADER | 00000nam a2200000 a 4500 | ||
|---|---|---|---|
| 001 | UCW6742 | ||
| 003 | CL-VaPUC | ||
| 008 | 920504e19880000SP |||||||||||||||||spa|d | ||
| 082 | 0 | 4 | |a 796.4077 |b REA |2 21 |
| 110 | 2 | |a Real Federación Española de Atletismo |e author |9 311815 | |
| 245 | 1 | 0 | |a Entrenamiento fuerza rápida |
| 300 | |a 86 p | ||
| 942 | |c BK | ||
| 945 | |d 19920504 00:00:00 | ||
| 260 | |a Madrid |b Escuela Nacional de Entrenadores |c 1988 | ||
| 650 | 7 | |a EJERCICIOS MUSCULARES |2 CL-VaPUC |9 308842 | |
| 650 | 0 | |a Atletismo |9 307422 | |
| 583 | |a last modification |c 19920504 00:00:00 |k Rodrigo Vera | ||
| 490 | 0 | |a Cuadernos de Atletismo, 23 | |
| 999 | |c 219704 |d 219702 | ||
| 952 | |0 0 |1 0 |4 0 |6 796_407700000000000_REA_1988 |7 0 |8 A |9 210931 |a BIBEDU |b BIBEDU |d 2019-11-15 |i 2791617 |o 796.4077 REA 1988 |p 2791617 |r 2019-11-15 |w 2019-11-15 |y BK |k EDU | ||